La diplomatie française et la succession d'Espagne / (Record no. 157470)

MARC details
000 -LEADER
campo de control de longitud fija 00883nam a22002055i 4500
001 - NÚMERO DE CONTROL
campo de control 157470
003 - IDENTIFICADOR DE NÚMERO DE CONTROL
campo de control ES-MaACL
005 - FECHA Y HORA DE LA ÚLTIMA TRANSACCIÓN
campo de control 20230906210712.0
008 - DATOS DE LONGITUD FIJA--INFORMACIÓN GENERAL
campo de control de longitud fija 990203m18881892be |||| | fre d
040 ## - FUENTE DE CATALOGACIÓN
Centro catalogador/agencia de origen CCPB | B
Lengua de catalogación spa
Centro/agencia transcriptor CCPB | B
100 1# - ENTRADA PRINCIPAL--NOMBRE DE PERSONA
Nombre de persona Legrelle, Arsène (
Fechas asociadas al nombre 1834-1899)
9 (RLIN) 128855
245 13 - MENCIÓN DEL TÍTULO
Título La diplomatie française et la succession d'Espagne /
Mención de responsabilidad, etc. par A. Legrelle.
260 ## - PUBLICACIÓN, DISTRIBUCIÓN, ETC.
Lugar de publicación, distribución, etc. Gand :
Nombre del editor, distribuidor, etc. [s.n.],
Fecha de publicación, distribución, etc. 1888-1892 (
Fabricante Imprimerie F.-L. Dullé-Plus)
300 ## - DESCRIPCIÓN FÍSICA
Extensión 4 v. ;
Dimensiones 25 cm.
505 8# - NOTA DE CONTENIDO CON FORMATO
Nota de contenido con formato Contiene: T. I.: Le premier traité de partage (1659-1697) -- T. II: Le deuxième traité de partage (1697-1699) -- T. III: Le troisième traité de partage (1699-1700) -- T. IV: La solution (1700-1725)
597 ## - NOTA DE DESCRIPCIÓN FÍSICA
NOTA DE DESCRIPCIÓN FÍSICA Antep.
651 #4 - PUNTO DE ACCESO ADICIONAL DE MATERIA--NOMBRE GEOGRÁFICO
Nombre geográfico Francia-
Subdivisión general Relaciones-
Subdivisión geográfica España.
9 (RLIN) 146675
651 #4 - PUNTO DE ACCESO ADICIONAL DE MATERIA--NOMBRE GEOGRÁFICO
Nombre geográfico España-
Subdivisión general Relaciones-
Subdivisión geográfica Francia.
9 (RLIN) 146674
852 ## - LOCALIZACIÓN
Ubicación ES-MaACL
Número de control de estantería F-10904-07
Nota libre -- Enc. pasta
Holdings
Estatus retirado Estado de pérdida Estado de daño No para préstamo Colección Biblioteca de origen Biblioteca actual Ubicación en estantería Fecha de adquisición Total de préstamos Signatura topográfica completa Código de barras Visto por última vez Precio de reemplazo Tipo de ítem Koha
        Libros del s. XIX Biblioteca del Ateneo de Madrid Biblioteca del Ateneo de Madrid Sala Pecera Planta 2 17/01/2008   F-10904-07 1164788 23/02/2023 23/02/2023 Libro impreso antiguo